GeoGuessr - US telephone area codes - Level 11 - Statistics

General Stats
  • This quiz has been taken 15 times
  • The average score is 43 of 90
Answer Stats
Hint Answer % Correct
334 Alabama
75%
659 Alabama
75%
606 Kentucky
75%
601 Mississippi
75%
662 Mississippi
75%
575 New Mexico
75%
918 Oklahoma
75%
803 South Carolina
75%
251 Alabama
50%
938 Alabama
50%
907 Alaska
50%
480 Arizona
50%
520 Arizona
50%
602 Arizona
50%
623 Arizona
50%
928 Arizona
50%
479 Arkansas
50%
501 Arkansas
50%
870 Arkansas
50%
303 Colorado
50%
719 Colorado
50%
720 Colorado
50%
970 Colorado
50%
203 Connecticut
50%
475 Connecticut
50%
860 Connecticut
50%
959 Connecticut
50%
302 Delaware
50%
808 Hawaii
50%
208 Idaho
50%
986 Idaho
50%
515 Iowa
50%
316 Kansas
50%
620 Kansas
50%
785 Kansas
50%
913 Kansas
50%
270 Kentucky
50%
364 Kentucky
50%
502 Kentucky
50%
225 Louisiana
50%
337 Louisiana
50%
985 Louisiana
50%
207 Maine
50%
240 Maryland
50%
228 Mississippi
50%
769 Mississippi
50%
406 Montana
50%
308 Nebraska
50%
402 Nebraska
50%
531 Nebraska
50%
702 Nevada
50%
725 Nevada
50%
775 Nevada
50%
603 New Hampshire
50%
505 New Mexico
50%
701 North Dakota
50%
405 Oklahoma
50%
580 Oklahoma
50%
458 Oregon
50%
503 Oregon
50%
541 Oregon
50%
971 Oregon
50%
401 Rhode Island
50%
843 South Carolina
50%
854 South Carolina
50%
864 South Carolina
50%
605 South Dakota
50%
385 Utah
50%
435 Utah
50%
801 Utah
50%
802 Vermont
50%
202 Washington, D.C.
50%
771 Washington, D.C.
50%
304 West Virginia
50%
681 West Virginia
50%
307 Wyoming
50%
205 Alabama
25%
256 Alabama
25%
319 Iowa
25%
563 Iowa
25%
641 Iowa
25%
712 Iowa
25%
859 Kentucky
25%
318 Louisiana
25%
227 Maryland
25%
301 Maryland
25%
667 Maryland
25%
504 Louisiana
0%
410 Maryland
0%
443 Maryland
0%
No matching quizzes found
Score Distribution
Percent of People with Each Score
Percentile by Number Answered
Your Score History
You have not taken this quiz